Principles of business economics
| Main Author: | |
|---|---|
| Format: | Book |
| Published: |
Harlow :
Pearson education ,
2002
|
| Subjects: |
MARC
| LEADER | 00000cam a2200000 7i4500 | ||
|---|---|---|---|
| 001 | 0000011469 | ||
| 005 | 20040814.0 | ||
| 020 | |a 0273646095 | ||
| 040 | |a INS | ||
| 090 | 0 | 0 | |a HD30.22 |b N453 2002 |
| 100 | 1 | |a Nellis Joseph | |
| 245 | 1 | 0 | |a Principles of business economics |
| 260 | |a Harlow : |b Pearson education , |c 2002 | ||
| 300 | |a xviii : |b 395p ; |c 23cm. | ||
| 650 | 0 | 0 | |a Managerial economics |
| 999 | |a 0000010830 |b BOOK |c Open Shelf |e Default branch | ||